[Event "M.Chigorin Memorial 2017 "]
[Site "?????-?????????"]
[Date "2017.10.22"]
[Round "2"]
[Board "112"]
[White "Kamnev, Alexander"]
[Black "Rubtsov, Aleksandr"]
[Result "1-0"]
[WhiteElo "2132"]
[BlackElo "1895"]
[PlyCount "165"]
[EventDate "2017.10.21"]
[EventRounds "9"]
[EventCountry "RUS"]

1. e4 e5 2. Nf3 Nc6 3. Bb5 a6 4. Ba4 Nf6 5. O-O Be7 6. d3 b5 7. Bb3 d6 8. a4
Bb7 9. c3 O-O 10. Bg5 Nb8 11. Nbd2 Nbd7 12. Qe2 Nc5 13. axb5 axb5 14. Bc2 Ne6
15. Be3 c6 16. d4 Qc7 17. Bb3 h6 18. g3 Ng4 19. h3 Nxe3 20. Qxe3 c5 21. d5 Ng5
22. Nxg5 hxg5 23. c4 b4 24. Nf3 Qd7 25. g4 f6 26. Nd2 g6 27. f3 Kg7 28. Kg2
Rxa1 29. Rxa1 Ra8 30. Qe1 Qe8 31. Qb1 Rxa1 32. Qxa1 Qa8 33. Qa4 Kf7 34. Qxa8
Bxa8 35. Ba4 Bb7 36. Kf2 Bd8 37. Ke2 Ke7 38. Kd3 Bb6 39. Kc2 Kd8 40. Kb3 Kc7
41. Be8 Bc8 42. Bxg6 Bd7 43. Nf1 Kb7 44. Ne3 Ka6 45. Bf5 Be8 46. Bc8+ Ka5 47.
Kc2 Bg6 48. Ng2 Bd8 49. h4 Ka4 50. Bd7+ Ka5 51. h5 Bh7 52. Ne3 Be7 53. Bf5 Bg8
54. h6 Bd8 55. h7 Bxh7 56. Bxh7 Bc7 57. Bf5 Ka4 58. Bd7+ Ka5 59. Kb3 Bd8 60.
Nf5 Bc7 61. Bc6 Bb8 62. Ng7 Bc7 63. Ne8 Kb6 64. Nxf6 Bd8 65. Ne8 Be7 66. Ka4
Ka6 67. Bd7 Kb6 68. Ng7 Kc7 69. Bc6 Kb6 70. Nf5 Bf8 71. Bb5 Ka7 72. Ka5 Kb7 73.
Bc6+ Ka7 74. Kb5 Kb8 75. Kb6 b3 76. Ba4 Kc8 77. Kc6 Kd8 78. Nxd6 Be7 79. Nf7+
Kc8 80. d6 Bd8 81. d7+ Kb8 82. Nxd8 Ka7 83. Ne6  1-0

[Event "M.Chigorin Memorial 2017 "]
[Site "?????-?????????"]
[Date "2017.10.22"]
[Round "2"]
[Board "113"]
[White "Lystsov, Leonid"]
[Black "Krasovskiy, Sviatoslav"]
[Result "0-1"]
[WhiteElo "1866"]
[BlackElo "2128"]
[PlyCount "96"]
[EventDate "2017.10.21"]
[EventRounds "9"]
[EventCountry "RUS"]

1. e4 Nf6 2. e5 Nd5 3. d4 d6 4. c4 Nb6 5. exd6 exd6 6. Nc3 Be7 7. Nf3 O-O 8.
Be2 Nc6 9. O-O Bf6 10. Be3 Re8 11. h3 Bf5 12. Qd2 d5 13. cxd5 Nxd5 14. Nxd5
Qxd5 15. Rac1 Red8 16. Bc4 Qe4 17. d5 Bxh3 18. Ne1 Be6 19. f3 Qh4 20. Qf2 Bxd5
21. Qxh4 Bxh4 22. Bxd5 Rxd5 23. Nc2 Rad8 24. Bf4 Bg5 25. Bxg5 Rxg5 26. Rcd1
Rgd5 27. Ne3 Rxd1 28. Rxd1 Rxd1+ 29. Nxd1 Kf8 30. Kf2 Ke7 31. Ke3 Ke6 32. Nc3
Ne5 33. Kd4 b6 34. f4 c5+ 35. Ke4 f5+ 36. Ke3 Nc4+ 37. Ke2 Nxb2 38. Nb5 a6 39.
Nc7+ Kd7 40. Nd5 b5 41. Ne3 Ke6 42. g3 Nc4 43. Nc2 h6 44. Kd3 Nd6 45. Ke3 Kd5
46. Kf3 Kc4 47. Ne3+ Kd3 48. Nd5 a5  0-1

[Event "M.Chigorin Memorial 2017 "]
[Site "?????-?????????"]
[Date "2017.10.22"]
[Round "2"]
[Board "114"]
[White "Eryshkanova, Anastasiya"]
[Black "Shkuratov, Vladimir"]
[Result "1-0"]
[WhiteElo "2127"]
[BlackElo "1887"]
[PlyCount "111"]
[EventDate "2017.10.21"]
[EventRounds "9"]
[EventCountry "RUS"]

1. c4 e6 2. Nf3 d5 3. g3 Be7 4. Bg2 Nf6 5. O-O O-O 6. d4 Nbd7 7. b3 b6 8. Qc2
Bb7 9. Nc3 Rc8 10. cxd5 exd5 11. Nb5 a6 12. Na7 Ra8 13. Nc6 Bxc6 14. Qxc6 Ra7
15. Bf4 Nb8 16. Qc2 Bd6 17. Ne5 Nh5 18. Bc1 c5 19. Rd1 Nf6 20. Bb2 Re8 21. Nf3
Rae7 22. e3 Ne4 23. dxc5 Bxc5 24. Nd4 Qd7 25. a3 a5 26. Bxe4 Rxe4 27. Rd3 Nc6
28. Nxc6 Qxc6 29. Rad1 h5 30. Bd4 Rd8 31. b4 Rc8 32. bxc5 bxc5 33. Ba1 Rc4 34.
Rc3 Re4 35. Qb2 f6 36. Qe2 g6 37. Rcd3 Rd8 38. Qa2 c4 39. Rd4 Re6 40. Rxc4 dxc4
41. Rxd8+ Kg7 42. Rd4 Re4 43. Rxe4 Qxe4 44. Qb2 Qe6 45. Qd4 a4 46. h4 Qc6 47.
Kf1 Qa6 48. Ke1 Kf7 49. Kd2 f5 50. Bc3 Ke7 51. Bb4+ Ke8 52. Qd6 Qxd6+ 53. Bxd6
Kd7 54. Bf4 Kc6 55. Kc3 Kb5 56. Kd4  1-0

[Event "M.Chigorin Memorial 2017 "]
[Site "?????-?????????"]
[Date "2017.10.22"]
[Round "2"]
[Board "115"]
[White "Shadunts, Kirill"]
[Black "Sakorenko, Adriana"]
[Result "0-1"]
[WhiteElo "1845"]
[BlackElo "2127"]
[PlyCount "104"]
[EventDate "2017.10.21"]
[EventRounds "9"]
[EventCountry "RUS"]

1. d4 f5 2. c4 Nf6 3. g3 g6 4. Bg2 Bg7 5. Nf3 d6 6. O-O O-O 7. Nc3 Nc6 8. d5
Na5 9. Nd2 c5 10. Qc2 Bd7 11. a3 b6 12. b3 a6 13. Bb2 b5 14. cxb5 axb5 15. b4
Nb7 16. bxc5 Nxc5 17. Nb3 Nxb3 18. Qxb3 Qa5 19. Rfc1 Rfc8 20. Na2 Ng4 21. Rxc8+
Rxc8 22. Bxg7 Kxg7 23. Nb4 Qb6 24. Qb2+ Kg8 25. e3 Ne5 26. Qb3 Rc4 27. h3 Qc5
28. Nd3 Nxd3 29. Qxd3 Rc3 30. Qd2 Rxa3 31. Rxa3 Qxa3 32. Qc2 Qc5 33. Qa2 b4 34.
Bf1 Bc8 35. Bc4 Bb7 36. Kf1 Kf7 37. Ke2 Ke8 38. Kd3 Kd8 39. h4 Kc7 40. f3 Kb6
41. g4 fxg4 42. fxg4 Qa5 43. Qb2 Qa3+ 44. Qxa3 bxa3 45. Kc3 Kc5 46. e4 Bc8 47.
g5 Bg4 48. Ba2 Bf3 49. Kd3 Bg2 50. Bb3 Kb4 51. Ba2 Bf3 52. Kd4 Bd1  0-1

[Event "M.Chigorin Memorial 2017 "]
[Site "?????-?????????"]
[Date "2017.10.22"]
[Round "2"]
[Board "116"]
[White "Zaykov, Sergey"]
[Black "Kovalenko, Kleopatra"]
[Result "0-1"]
[WhiteElo "2125"]
[BlackElo "1879"]
[PlyCount "115"]
[EventDate "2017.10.21"]
[EventRounds "9"]
[EventCountry "RUS"]

1. Nf3 Nf6 2. c4 g6 3. Nc3 Bg7 4. e4 d6 5. d4 O-O 6. Be2 e5 7. d5 Nbd7 8. Bg5
a5 9. Nd2 Nc5 10. b3 Qd7 11. O-O Ne8 12. a3 f5 13. f3 Qf7 14. Qc2 Nf6 15. Rab1
h6 16. Be3 f4 17. Bf2 b6 18. b4 Nb7 19. Nb5 axb4 20. axb4 g5 21. c5 bxc5 22.
bxc5 g4 23. cxd6 Qg6 24. Nxc7 g3 25. Nxa8 Qg5 26. Nb6 Nxd6 27. Qc6 Qh4 28. hxg3
fxg3 29. Bxg3 Qxg3 30. Nxc8 Nh5 31. Ne7+ Kh7 32. Rf2 Nf4 33. Qc5 Nh3+ 34. Kf1
Nxf2 35. Qxf2 Qg5 36. Qc5 Qxe7 37. Rb6 Rd8 38. Nc4 Bf8 39. Rc6 Kh8 40. Nb6 Qh4
41. Qf2 Qg5 42. g3 Be7 43. Kg2 Rf8 44. Bd3 h5 45. Nc4 Nf7 46. d6 Bd8 47. f4 Qg7
48. f5 Rg8 49. Be2 Nh6 50. Bxh5 Qg5 51. Bg6 Ng4 52. Qf3 Nf6 53. Ne3 Ba5 54. Ra6
Bd2 55. Nc4 Rb8 56. Ra2 Bf4 57. Re2 Rb4 58. Na5  0-1

[Event "M.Chigorin Memorial 2017 "]
[Site "?????-?????????"]
[Date "2017.10.22"]
[Round "2"]
[Board "117"]
[White "Shoshin, Kirill"]
[Black "Paramzina, Anastasya"]
[Result "0-1"]
[WhiteElo "1831"]
[BlackElo "2123"]
[PlyCount "56"]
[EventDate "2017.10.21"]
[EventRounds "9"]
[EventCountry "RUS"]

1. d4 Nf6 2. c4 e6 3. Nc3 Bb4 4. e3 O-O 5. a3 Bxc3+ 6. bxc3 c5 7. Bd3 d6 8. Ne2
e5 9. e4 Re8 10. d5 Nbd7 11. O-O Nf8 12. Ng3 Bd7 13. Rb1 b6 14. Bg5 h6 15. Bd2
Ng6 16. f4 exf4 17. Bxf4 Ng4 18. Nf5 Bxf5 19. exf5 Nxf4 20. Rxf4 h5 21. h3 Qg5
22. Qd2 Ne3 23. Rf3 Re5 24. f6 g6 25. Re1 Nxg2 26. Rxe5 Qxd2 27. Re2 Ne1 28.
Rfe3 Qxd3  0-1

[Event "M.Chigorin Memorial 2017 "]
[Site "?????-?????????"]
[Date "2017.10.22"]
[Round "2"]
[Board "118"]
[White "Kozlov, Mikhail"]
[Black "Zemnitskiy, Alexander"]
[Result "0-1"]
[WhiteElo "1813"]
[BlackElo "2112"]
[PlyCount "72"]
[EventDate "2017.10.21"]
[EventRounds "9"]
[EventCountry "RUS"]

1. Nf3 Nf6 2. g3 c5 3. Bg2 Nc6 4. d4 e6 5. O-O d5 6. c4 cxd4 7. cxd5 exd5 8.
Nxd4 Be7 9. Nc3 O-O 10. b3 Bc5 11. Nxc6 bxc6 12. Na4 Bd6 13. Be3 Re8 14. Qc2
Bg4 15. Rfd1 Qe7 16. Rac1 Rac8 17. h3 Bh5 18. g4 Bg6 19. Qc3 h5 20. g5 Ne4 21.
Qd4 Nxg5 22. Qxa7 Qe5 23. Bxg5 Qxg5 24. Nc3 Be5 25. Qa6 d4 26. Nd5 Be4 27. Ne7+
Kh8 28. f3 Qxe7 29. fxe4 Qg5 30. Rxc6 Qe3+ 31. Kh1 Qg3 32. Kg1 Rxc6 33. Qxc6
Re6 34. Qc8+ Kh7 35. Rf1 Qh2+ 36. Kf2 Bg3+  0-1

[Event "M.Chigorin Memorial 2017 "]
[Site "?????-?????????"]
[Date "2017.10.22"]
[Round "2"]
[Board "119"]
[White "Korchagina, Viktoria"]
[Black "Anant, Prabhudesai"]
[Result "0-1"]
[WhiteElo "2110"]
[BlackElo "1869"]
[PlyCount "70"]
[EventDate "2017.10.21"]
[EventRounds "9"]
[EventCountry "RUS"]

1. e4 c5 2. Nf3 d6 3. d4 cxd4 4. Nxd4 Nf6 5. Nc3 a6 6. Be3 e5 7. Nb3 Be6 8. f3
h5 9. Qd2 Be7 10. O-O-O Nbd7 11. Qf2 b5 12. h3 h4 13. Kb1 Qc7 14. f4 b4 15. Nd5
Bxd5 16. exd5 Ne4 17. Qf3 Ng3 18. Rg1 Nxf1 19. Rdxf1 a5 20. fxe5 Nxe5 21. Qe4
a4 22. Nd4 Qc4 23. Bf4 Bf6 24. Nf5 Qc5 25. Bxe5 dxe5 26. d6 Rd8 27. g3 g6 28.
Ne3 Qxd6 29. Nc4 Qe6 30. gxh4 Rxh4 31. Rg4 Rxg4 32. hxg4 Qd5 33. Qe2 Ke7 34.
Ne3 Qd4 35. Rd1 Qxe3  0-1

[Event "M.Chigorin Memorial 2017 "]
[Site "?????-?????????"]
[Date "2017.10.22"]
[Round "2"]
[Board "120"]
[White "Lingur, Zalina"]
[Black "Efimenko, Aleksandr"]
[Result "1-0"]
[WhiteElo "2108"]
[BlackElo "1865"]
[PlyCount "139"]
[EventDate "2017.10.21"]
[EventRounds "9"]
[EventCountry "RUS"]

1. e4 e5 2. Nf3 Nc6 3. Bb5 a6 4. Ba4 Nf6 5. O-O Be7 6. Re1 b5 7. Bb3 d6 8. c3
O-O 9. d3 Na5 10. Bc2 c5 11. Nbd2 Qc7 12. Nf1 Nc6 13. Ng3 Re8 14. h3 Be6 15.
Ng5 Nd8 16. f4 h6 17. Nxe6 Nxe6 18. fxe5 dxe5 19. Nf5 Bf8 20. Qf3 Nd7 21. Rf1
Nb6 22. Be3 Nc8 23. Bb3 Nd6 24. Nxd6 Bxd6 25. Qg4 Kh8 26. Qh5 Kg8 27. Bd5 Rad8
28. Qg4 Kh8 29. Rf5 Rd7 30. g3 Bf8 31. Raf1 Kh7 32. h4 g6 33. Bxe6 Rxe6 34.
Rxf7+ Rxf7 35. Qxe6 Rxf1+ 36. Kxf1 a5 37. Qe8 Bg7 38. Qxb5 Qf7+ 39. Kg2 Qxa2
40. Bxc5 Qb1 41. Bf2 g5 42. b4 a4 43. Qxa4 Qxd3 44. Qc6 Qe2 45. hxg5 hxg5 46.
Qd5 g4 47. c4 Qf3+ 48. Kg1 Bf6 49. b5 Bg5 50. Qxe5 Qd1+ 51. Kh2 Qe2 52. Qf5+
Kh6 53. Kg1 Be3 54. Bxe3+ Qxe3+ 55. Qf2 Qc1+ 56. Qf1 Qe3+ 57. Kh2 Kg7 58. e5
Qd2+ 59. Kh1 Qh6+ 60. Kg2 Kg8 61. Qf2 Qg6 62. c5 Qe4+ 63. Kh2 Qxe5 64. b6 Qe4
65. Qa2+ Kf8 66. Qb2 Qh7+ 67. Kg1 Qd3 68. Qf6+ Ke8 69. Qe6+ Kd8 70. Qd6+  1-0

[Event "M.Chigorin Memorial 2017 "]
[Site "?????-?????????"]
[Date "2017.10.22"]
[Round "2"]
[Board "121"]
[White "Vasilenko, Ekaterina"]
[Black "Krestin, Denis"]
[Result "1-0"]
[WhiteElo "1806"]
[BlackElo "2107"]
[PlyCount "37"]
[EventDate "2017.10.21"]
[EventRounds "9"]
[EventCountry "RUS"]

1. e4 e5 2. Nf3 Nc6 3. Bc4 Nf6 4. Ng5 d5 5. exd5 Nxd5 6. Nxf7 Kxf7 7. Qf3+ Ke6
8. Nc3 Ncb4 9. a3 Nxc2+ 10. Kd1 Nxa1 11. Nxd5 Kd6 12. d4 Be6 13. Re1 c6 14.
Rxe5 Kd7 15. Rxe6 cxd5 16. Qf7+ Kc8 17. Re8 Bd6 18. Rxd8+ Rxd8 19. Bxd5  1-0

[Event "M.Chigorin Memorial 2017 "]
[Site "?????-?????????"]
[Date "2017.10.22"]
[Round "2"]
[Board "122"]
[White "Leonova, Ameliya"]
[Black "Ivanov, Sergei V."]
[Result "0-1"]
[WhiteElo "1798"]
[BlackElo "2103"]
[PlyCount "134"]
[EventDate "2017.10.21"]
[EventRounds "9"]
[EventCountry "RUS"]

1. e4 e5 2. Nf3 Nc6 3. Bb5 a6 4. Bxc6 dxc6 5. O-O Bg4 6. h3 Bh5 7. g4 Bg6 8.
Nxe5 Bd6 9. Nxg6 hxg6 10. Kg2 f5 11. exf5 Qh4 12. Qf3 O-O-O 13. Nc3 gxf5 14. d3
Ne7 15. Rh1 Rdf8 16. Be3 Ng6 17. d4 Kb8 18. gxf5 Qf6 19. Kf1 Nh4 20. Qg4 Nxf5
21. Ke2 Rh4 22. Qg5 Nxd4+ 23. Kd3 Nf3 24. Qxf6 gxf6 25. Ke2 Ne5 26. Rag1 Rfh8
27. f3 Re8 28. b3 f5 29. f4 Nd7 30. Kf3 Nf6 31. Rg5 Rxe3+ 32. Kxe3 Bxf4+ 33.
Kd4 Bxg5+ 34. Ke5 Nd5 35. Kxf5 Be3 36. Ne2 Ka7 37. c4 Nf4 38. Nxf4 Rxf4+ 39.
Ke5 Rh4 40. Kf5 Kb6 41. Ke6 a5 42. Kd7 Rh7+ 43. Ke6 Bf2 44. Rf1 Bg3 45. Rf3
Rxh3 46. Kf5 Rh2 47. Rxg3 Rxa2 48. Ke6 Rd2 49. Ke5 Kc5 50. Ke4 Rd7 51. Rh3 Kb4
52. Rg3 a4 53. bxa4 Kxc4 54. a5 Re7+ 55. Kf5 Kb5 56. Rb3+ Ka6 57. Rb2 Rd7 58.
Ke6 Rd5 59. Rb1 Rb5 60. Rh1 Kxa5 61. Kd7 Kb6 62. Rc1 c5 63. Kc8 Rb4 64. Rh1 c4
65. Rh7 Rb5 66. Rh6+ c6 67. Rh3 Kc5  0-1

[Event "M.Chigorin Memorial 2017 "]
[Site "?????-?????????"]
[Date "2017.10.22"]
[Round "2"]
[Board "123"]
[White "Tarasov, Ilya"]
[Black "Zolotyh, Lev"]
[Result "1/2-1/2"]
[WhiteElo "2102"]
[BlackElo "1831"]
[PlyCount "89"]
[EventDate "2017.10.21"]
[EventRounds "9"]
[EventCountry "RUS"]

1. d4 d5 2. c4 c6 3. Nf3 Nf6 4. Nc3 dxc4 5. a4 Bf5 6. e3 e6 7. Bxc4 Bb4 8. O-O
Nbd7 9. Qe2 O-O 10. e4 Bg6 11. e5 Nd5 12. Nxd5 cxd5 13. Bd3 Qe7 14. Bg5 Qe8 15.
Rac1 Bxd3 16. Qxd3 h6 17. Qb5 Nxe5 18. Qxb4 Nxf3+ 19. gxf3 hxg5 20. Rc7 a5 21.
Qb3 Qd8 22. Rxb7 Qf6 23. Qe3 Rac8 24. Rb5 Rc4 25. Rxa5 Rxd4 26. b3 g4 27. fxg4
Rxg4+ 28. Kh1 Rc8 29. f3 Rh4 30. Rc5 Rxc5 31. Qxc5 Qe5 32. Qc2 d4 33. Qd2 d3
34. a5 Qe2 35. Qxe2 dxe2 36. Re1 Rb4 37. Rxe2 Rxb3 38. Ra2 Rb7 39. Kg2 Kf8 40.
Kf2 Ke7 41. Ke3 Kd6 42. Kd4 Ra7 43. Kc4 Kc6 44. Kb4 Rb7+ 45. Kc4  1/2-1/2

[Event "M.Chigorin Memorial 2017 "]
[Site "?????-?????????"]
[Date "2017.10.22"]
[Round "2"]
[Board "124"]
[White "Vasilyev, Alexey"]
[Black "Mochalin, Faddey"]
[Result "1-0"]
[WhiteElo "1794"]
[BlackElo "2096"]
[PlyCount "185"]
[EventDate "2017.10.21"]
[EventRounds "9"]
[EventCountry "RUS"]

1. e4 c5 2. Nf3 Nc6 3. d4 cxd4 4. Nxd4 g6 5. c4 Nf6 6. Nc3 d6 7. Be2 Nxd4 8.
Qxd4 Bg7 9. O-O O-O 10. Qd2 Be6 11. Rb1 Rc8 12. b3 Qa5 13. Bb2 Nd7 14. Rfd1
Rfe8 15. Ba1 a6 16. Nd5 Qxd2 17. Rxd2 Bxd5 18. exd5 h5 19. Bxg7 Kxg7 20. f4 Rh8
21. g3 a5 22. Kg2 Nc5 23. Bf3 f6 24. h3 Kf7 25. Rf2 Rcf8 26. h4 Ke8 27. a3 Kd8
28. b4 Nd7 29. Rc2 g5 30. Kf2 axb4 31. axb4 Kc7 32. c5 Rc8 33. c6 bxc6 34.
Rxc6+ Kb7 35. Re1 Rce8 36. Rec1 Nb8 37. Rc7+ Kb6 38. fxg5 fxg5 39. hxg5 Rhg8
40. Bxh5 Ref8+ 41. Kg2 Rxg5 42. Bf3 Rgf5 43. R7c3 Nd7 44. Rc6+ Kb5 45. Be2+ Ka4
46. Ra6+ Kxb4 47. Bg4 Rf2+ 48. Kg1 Nc5 49. Rb6+ Ka5 50. Rcb1 Rf1+ 51. Rxf1
Rxf1+ 52. Kxf1 Kxb6 53. Bf3 Nd7 54. Ke2 Kc5 55. Ke3 Nf6 56. Kf4 Nxd5+ 57. Kf5
e5 58. g4 Ne3+ 59. Ke4 Nc4 60. g5 Nd2+ 61. Kd3 Nxf3 62. g6 e4+ 63. Kxe4 Nh2 64.
Kf4 d5 65. g7 Nf1 66. g8=Q Nd2 67. Ke5 Nf3+ 68. Kf4 Nd2 69. Ke3 Nc4+ 70. Kd3
Ne5+ 71. Kc3 d4+ 72. Kc2 Nc4 73. Qg5+ Kd6 74. Qf6+ Kd5 75. Qf7+ Kc5 76. Qf5+
Kc6 77. Kd3 Nd6 78. Qe6 Kc5 79. Qe5+ Kc6 80. Kxd4 Nb5+ 81. Kc4 Nd6+ 82. Kb4 Nb7
83. Qb5+ Kc7 84. Qa6 Nd6 85. Kc5 Nc8 86. Qa8 Ne7 87. Qa7+ Kd8 88. Qb7 Nc8 89.
Kc6 Ne7+ 90. Kd6 Nf5+ 91. Ke6 Nd4+ 92. Ke5 Ne2 93. Kd6  1-0

[Event "M.Chigorin Memorial 2017 "]
[Site "?????-?????????"]
[Date "2017.10.22"]
[Round "2"]
[Board "125"]
[White "Mustafayev, Nihad"]
[Black "Khalaji, Hanieh"]
[Result "0-1"]
[WhiteElo "1788"]
[BlackElo "2093"]
[PlyCount "68"]
[EventDate "2017.10.21"]
[EventRounds "9"]
[EventCountry "RUS"]

1. d4 d5 2. c4 e6 3. cxd5 exd5 4. Nc3 c6 5. Nf3 f5 6. Bg5 Nf6 7. e3 Bd6 8. Bd3
Be6 9. O-O O-O 10. Ne5 Nbd7 11. f4 c5 12. Nb5 Be7 13. dxc5 Bxc5 14. Nd4 Bxd4
15. exd4 Qb6 16. Qa4 Qxb2 17. Rab1 Qd2 18. Rxb7 Qe3+ 19. Kh1 Nxe5 20. fxe5 Qxg5
21. exf6 Rxf6 22. Rxa7 Raf8 23. Ra8 Bc8 24. Qb3 f4 25. Qc2 Qg4 26. h3 Qe6 27.
Rc1 Bd7 28. Ra6 Qe3 29. Bxh7+ Kh8 30. Rxf6 Rxf6 31. Rd1 f3 32. Bd3 Rh6 33. Bf5
fxg2+ 34. Kxg2 Bxf5  0-1

[Event "M.Chigorin Memorial 2017 "]
[Site "?????-?????????"]
[Date "2017.10.22"]
[Round "2"]
[Board "126"]
[White "Petrochenko, Maria"]
[Black "Ponomarev, Denis"]
[Result "1/2-1/2"]
[WhiteElo "2093"]
[BlackElo "1811"]
[PlyCount "127"]
[EventDate "2017.10.21"]
[EventRounds "9"]
[EventCountry "RUS"]

1. d4 Nf6 2. c4 g6 3. g3 Bg7 4. Bg2 d5 5. cxd5 Nxd5 6. e4 Nb6 7. Ne2 O-O 8.
Nbc3 Nc6 9. d5 Nb8 10. O-O c6 11. Nf4 cxd5 12. exd5 N8d7 13. a4 Ne5 14. a5 Nbc4
15. Qa4 Nd6 16. Ne4 Nec4 17. Nxd6 Nxd6 18. Qb4 Bf5 19. Be3 Qd7 20. Rac1 b5 21.
h3 h5 22. Bc5 Rfd8 23. f3 Qb7 24. g4 hxg4 25. fxg4 Bc8 26. Rc2 Qa6 27. Re1 Bf6
28. Bd4 Bg5 29. Rc6 Qb7 30. Nd3 Bd7 31. Nc5 Qb8 32. Nxd7 Rxd7 33. Be5 a6 34.
Bg3 Qd8 35. h4 Bf6 36. g5 Bg7 37. Bh3 Rc7 38. Rec1 Rxc6 39. dxc6 Qc7 40. b3 Rd8
41. Bf2 Nb7 42. Bb6 Qg3+ 43. Bg2 Rc8 44. Qxe7 Nxa5 45. Qd7 Rxc6 46. Qe8+ Kh7
47. Rxc6 Nxc6 48. Bf2 Qxb3 49. Qxc6 Qd1+ 50. Bf1 Qg4+ 51. Kh1 Qf4 52. Qg2 b4
53. Bxa6 b3 54. Bd3 b2 55. Bb1 Qc1+ 56. Qg1 Be5 57. Be4 Qc4 58. Bb1 Qc6+ 59.
Qg2 Qc1+ 60. Qg1 Qf4 61. Qg2 Qc1+ 62. Qg1 Qc6+ 63. Qg2 Qc1+ 64. Qg1  1/2-1/2

[Event "M.Chigorin Memorial 2017 "]
[Site "?????-?????????"]
[Date "2017.10.22"]
[Round "2"]
[Board "127"]
[White "Tsaruk, Maksim"]
[Black "Khochinsky, Andrey"]
[Result "1-0"]
[WhiteElo "2090"]
[BlackElo "1803"]
[PlyCount "137"]
[EventDate "2017.10.21"]
[EventRounds "9"]
[EventCountry "RUS"]

1. e4 c5 2. Nf3 d6 3. d4 cxd4 4. Nxd4 Nf6 5. Nc3 a6 6. Bg5 e6 7. f4 h6 8. Bh4
Be7 9. Qf3 Qc7 10. Bf2 Nbd7 11. Bd3 b5 12. O-O-O Bb7 13. Rhe1 Nc5 14. a3 Rc8
15. Qe2 Nxd3+ 16. Qxd3 Qc4 17. Nb3 Qxd3 18. cxd3 O-O 19. Kd2 Nd7 20. Rc1 Nc5
21. Na5 Ba8 22. b4 Nd7 23. Ne2 Bf6 24. Nd4 Bxd4 25. Bxd4 e5 26. fxe5 dxe5 27.
Bc5 Nxc5 28. Rxc5 Rxc5 29. bxc5 Rc8 30. Rc1 Kf8 31. g4 Ke7 32. Ke3 Ke6 33. Rc2
f6 34. Rc3 Rc7 35. Rc1 Rc8 36. h3 Rc7 37. Rc2 Rc8 38. Rc3 Rc7 39. Rc1 Rc8 40.
Nb3 g6 41. d4 exd4+ 42. Nxd4+ Ke5 43. Nf3+ Ke6 44. Kf4 Rc7 45. Nd4+ Ke7 46. h4
Bc6 47. h5 g5+ 48. Ke3 Bd7 49. Nf5+ Bxf5 50. gxf5 Rc6 51. Kd4 Rc8 52. e5 fxe5+
53. Kxe5 Rc6 54. Re1 Rf6 55. Rd1 Rc6 56. Rc1 a5 57. Kd5 Kd7 58. Rb1 b4 59. axb4
axb4 60. Rxb4 Rf6 61. Ke5 Rc6 62. Rb7+ Kc8 63. Rb5 Kd7 64. f6 Ke8 65. Kf5 Kf7
66. Rb7+ Kf8 67. Kg6 Rc8 68. Rh7 Kg8 69. f7+  1-0

[Event "M.Chigorin Memorial 2017 "]
[Site "?????-?????????"]
[Date "2017.10.22"]
[Round "2"]
[Board "128"]
[White "Bhambure, Shantanu"]
[Black "Titievskaya, Elizaveta"]
[Result "1-0"]
[WhiteElo "2088"]
[BlackElo "1798"]
[PlyCount "59"]
[EventDate "2017.10.21"]
[EventRounds "9"]
[EventCountry "RUS"]

1. d4 Nf6 2. c4 c5 3. d5 b5 4. cxb5 a6 5. f3 d6 6. e4 g6 7. a4 Nbd7 8. Na3 Bg7
9. Ne2 O-O 10. Nc3 Qc7 11. Nc4 Ne8 12. Bg5 Qd8 13. Be2 Bd4 14. Be3 Bf6 15. O-O
Ne5 16. Na3 h5 17. Qd2 Kh7 18. h3 e6 19. f4 Nd7 20. e5 dxe5 21. dxe6 fxe6 22.
fxe5 Be7 23. Nc4 Bb7 24. Rfd1 Bc8 25. b6 Rb8 26. a5 Ng7 27. Ne4 Nf5 28. Ng5+
Bxg5 29. Bxg5 Qe8 30. g4 {unreadable}  1-0

[Event "M.Chigorin Memorial 2017 "]
[Site "?????-?????????"]
[Date "2017.10.22"]
[Round "2"]
[Board "129"]
[White "Pogosian, Vladimir"]
[Black "Don, Aleksandr"]
[Result "0-1"]
[WhiteElo "2088"]
[BlackElo "1793"]
[PlyCount "102"]
[EventDate "2017.10.21"]
[EventRounds "9"]
[EventCountry "RUS"]

1. e4 c5 2. Nc3 Nc6 3. g3 g6 4. Bg2 Bg7 5. Nge2 d6 6. d3 e5 7. a3 Nge7 8. Rb1
O-O 9. Bd2 Nd4 10. h3 Rb8 11. Nd5 b5 12. c3 Nxe2 13. Qxe2 Nxd5 14. exd5 f5 15.
b4 Qc7 16. O-O Bd7 17. Rfc1 c4 18. dxc4 Qxc4 19. Qd1 f4 20. g4 e4 21. Be1 f3
22. Bf1 Qc8 23. Qc2 Bxg4 24. Qxe4 Bf5 25. Qe7 Bxb1 26. Rxb1 Qf5 27. Qe6+ Qxe6
28. dxe6 Rfe8 29. c4 a6 30. cxb5 axb5 31. Bd2 Rxe6 32. Rb3 Bd4 33. Rd3 Bb2 34.
Rxf3 Rf6 35. Rd3 Ra8 36. Bg5 Rf5 37. h4 Rxa3 38. Rxd6 Raf3 39. Bg2 Rxf2 40.
Bd5+ Kh8 41. Be4 Rf1+ 42. Kg2 R5f2+ 43. Kh3 Be5 44. Rd8+ Kg7 45. Rd7+ Rf7 46.
Rd5 Bf4 47. Rxb5 h6 48. Bd8 Rf2 49. Bg2 Rd2 50. Bd5 Rd7 51. Kg4 R2xd5  0-1

[Event "M.Chigorin Memorial 2017 "]
[Site "?????-?????????"]
[Date "2017.10.22"]
[Round "2"]
[Board "130"]
[White "Pankova, Julia"]
[Black "Mitra, Roman C"]
[Result "1-0"]
[WhiteElo "1785"]
[BlackElo "2087"]
[PlyCount "81"]
[EventDate "2017.10.21"]
[EventRounds "9"]
[EventCountry "RUS"]

1. e4 c5 2. Nf3 a6 3. c4 e6 4. d4 cxd4 5. Nxd4 Nc6 6. Nc3 Nf6 7. Nxc6 bxc6 8.
e5 Ng8 9. Be2 Qa5 10. Qd4 f6 11. exf6 Nxf6 12. O-O e5 13. Qh4 Be7 14. Qg3 O-O
15. Bd2 Qc7 16. Bf3 d6 17. Rad1 Be6 18. b3 Kh8 19. Be3 Rad8 20. Na4 Nd7 21. Rd2
Rc8 22. Bg5 Nf6 23. Re1 h6 24. Be3 Nd7 25. Be4 Rf6 26. Red1 Bg8 27. Qh3 Be6 28.
Qg3 Rcf8 29. f3 Re8 30. Kh1 Qa5 31. Rc2 Qc7 32. Rcd2 Qa5 33. Rc2 Qc7 34. Rcd2
Rb8 35. Rc2 Rc8 36. Rcd2 Rb8 37. Rc2 Bg8 38. Qh3 Be6 39. Qg3 Bf7 40. Qh3 Be6
41. Qg3  1-0

[Event "M.Chigorin Memorial 2017 "]
[Site "?????-?????????"]
[Date "2017.10.22"]
[Round "2"]
[Board "131"]
[White "Lazhevskaya, Zhanni"]
[Black "Protasova, Anastasia"]
[Result "1-0"]
[WhiteElo "2086"]
[BlackElo "1780"]
[PlyCount "55"]
[EventDate "2017.10.21"]
[EventRounds "9"]
[EventCountry "RUS"]

1. e4 c6 2. Nc3 d5 3. Nf3 Bg4 4. h3 Bxf3 5. Qxf3 e6 6. d3 Nd7 7. Qg3 Qb6 8. Be2
d4 9. Nb1 Ngf6 10. Nd2 e5 11. O-O O-O-O 12. Nc4 Qc7 13. f4 Re8 14. fxe5 Nxe5
15. Nxe5 Qxe5 16. Bf4 Qa5 17. b4 Qb6 18. a4 h5 19. a5 Qb5 20. Bb8 Re7 21. Bxa7
Re5 22. c4 dxc3 23. d4 Qxe2 24. Qxe5 Qe3+ 25. Kh1 Kd7 26. Qf5+ Kc7 27. Bb6+ Kd6
28. Qe5+  1-0

[Event "M.Chigorin Memorial 2017 "]
[Site "?????-?????????"]
[Date "2017.10.22"]
[Round "2"]
[Board "132"]
[White "Patel, Palak"]
[Black "Leidorf, Sebastian"]
[Result "0-1"]
[WhiteElo "1741"]
[BlackElo "2083"]
[PlyCount "84"]
[EventDate "2017.10.21"]
[EventRounds "9"]
[EventCountry "RUS"]

1. e4 e6 2. d4 d5 3. Nd2 Nf6 4. e5 Nfd7 5. Bd3 c5 6. c3 Nc6 7. Ne2 cxd4 8. cxd4
f6 9. Nf4 Nxd4 10. Qh5+ Ke7 11. Ng6+ hxg6 12. exf6+ Nxf6 13. Qxh8 Kf7 14. Qh4
e5 15. O-O Bf5 16. Bxf5 gxf5 17. Nb3 Nxb3 18. axb3 Bc5 19. Bg5 Qd6 20. Bxf6
Qxf6 21. Qh5+ Ke6 22. Rac1 Bb6 23. Rc2 Rd8 24. Rfc1 g6 25. Qh7 Qf7 26. Qh4 d4
27. Rc8 Qd7 28. Rxd8 Bxd8 29. Qh6 Qf7 30. Qh8 Bb6 31. Qc8+ Qd7 32. Qg8+ Qf7 33.
Qc8+ Kf6 34. Qh8+ Qg7 35. Qe8 d3 36. Qb5 e4 37. Qd5 Kg5 38. Rc3 Qd4 39. Qxd4
Bxd4 40. Rc1 e3 41. Kf1 e2+ 42. Ke1 Bxf2+  0-1

[Event "M.Chigorin Memorial 2017 "]
[Site "?????-?????????"]
[Date "2017.10.22"]
[Round "2"]
[Board "133"]
[White "Aseev, Vladimir"]
[Black "Fedorov, Ivan"]
[Result "0-1"]
[WhiteElo "2082"]
[BlackElo "1745"]
[PlyCount "55"]
[EventDate "2017.10.21"]
[EventRounds "9"]
[EventCountry "RUS"]

1. d4 c5 2. d5 d6 3. e4 a6 4. a4 Nf6 5. Nc3 g6 6. Be2 Bg7 7. Nf3 Bg4 8. Nd2
Bxe2 9. Qxe2 O-O 10. O-O e6 11. Nc4 exd5 12. exd5 Re8 13. Qf3 Nbd7 14. Bf4 Ne5
15. Qe2 Nxc4 16. Qxc4 Nh5 17. Be3 f5 18. Rae1 Qd7 19. f3 Rxe3 20. Rxe3 Bd4 21.
g4 Bxe3+ 22. Kh1 Ng7 23. Re1 Bd2 24. Rd1 Bxc3 25. bxc3 b5 26. axb5 axb5 27. Qd3
fxg4 28. fxg4  0-1